Tier Babys - Statistiken

Allgemein
  • Dieses Quiz wurde 221 mal gespielt
  • Das Durchschnittsergebnis liegt bei 11 aus 14
Antwortstatistiken
Hint Antwort % Korrekt
Schwein Ferkel
97%
Hund/ Fuchs Welpe
95%
Pferd/ Zebra Fohlen
92%
Rinder/ Elefanten/ Kühe Kalb
92%
Vögel/ Hühner Küken
92%
Schaf Lamm
91%
Reh Kitz
89%
Schmetterling Raupe
87%
Frosch Kaulquappe
82%
Katze Kitten
78%
Wildschwein Frischling
59%
Ziege Zicklein
56%
Robbe Heuler
43%
Geiß Geißlein
42%
Keine übereinstimmenden Quizze gefunden
Verteilung der Resultate
Anzahl Personen mit jedem Resultat
Perzentil nach korrekt beantworteten Fragen
Ihre Resultats-Entwicklung
Sie haben dieses Quiz noch nicht gespielt